5HLuxD.jpg

KING HENRY VIII SENIOR AND PRIMARY SCHOOL LIBRARY OPAC

GCSE French for the grade 9-1 course : (Record no. 268)

000 -LEADER
fixed length control field 01291nam a2200385 i 4500
001 - CONTROL NUMBER
control field 020694833
003 - CONTROL NUMBER IDENTIFIER
control field UkOxU
005 - DATE AND TIME OF LATEST TRANSACTION
control field 20190903101200.0
008 - FIXED-LENGTH DATA ELEMENTS--GENERAL INFORMATION
fixed length control field 181001s2016 enka 000 0 eng d
020 ## - INTERNATIONAL STANDARD BOOK NUMBER
International Standard Book Number 9781782945345
Qualifying information paperback
020 ## - INTERNATIONAL STANDARD BOOK NUMBER
International Standard Book Number 1782945342
Qualifying information paperback
035 ## - SYSTEM CONTROL NUMBER
System control number (UK-WkNB)9781782945345
035 ## - SYSTEM CONTROL NUMBER
System control number (StEdALDL)1/3457423
040 ## - CATALOGING SOURCE
Original cataloging agency UK-WkNB
Language of cataloging eng
Description conventions rda
Transcribing agency UK-WkNB
Modifying agency UkOxU
049 ## - LOCAL HOLDINGS (OCLC)
Holding library CROBAR
082 04 - DEWEY DECIMAL CLASSIFICATION NUMBER
Classification number 448.242 PAR
Edition number 23
245 00 - TITLE STATEMENT
Title GCSE French for the grade 9-1 course :
Remainder of title the revision guide /
Statement of responsibility, etc. editors, Lucy Forsyth [and four others] ; contributors, Marie-Laure Delvallée [and three others].
264 #1 - PRODUCTION, PUBLICATION, DISTRIBUTION, MANUFACTURE, AND COPYRIGHT NOTICE
Place of production, publication, distribution, manufacture [Broughton-in-Furness?] :
Name of producer, publisher, distributor, manufacturer CGP,
Date of production, publication, distribution, manufacture, or copyright notice [2016?]
264 #4 - PRODUCTION, PUBLICATION, DISTRIBUTION, MANUFACTURE, AND COPYRIGHT NOTICE
Date of production, publication, distribution, manufacture, or copyright notice ©2016
300 ## - PHYSICAL DESCRIPTION
Extent 124 pages :
Other physical details illustrations ;
Dimensions 30 cm
336 ## - CONTENT TYPE
Content type term text
Source rdacontent
337 ## - MEDIA TYPE
Media type term unmediated
Source rdamedia
338 ## - CARRIER TYPE
Carrier type term volume
Source rdacarrier
490 ## - SERIES STATEMENT
Series statement CGP
500 ## - GENERAL NOTE
General note Title from cover.
500 ## - GENERAL NOTE
General note "Includes free online audio & online edition".
650 #0 - SUBJECT ADDED ENTRY--TOPICAL TERM
Topical term or geographic name entry element French language
General subdivision Examinations
Form subdivision Study guides.
700 1# - ADDED ENTRY--PERSONAL NAME
Personal name Forsyth, Lucy,
Relator term editor.
700 1# - ADDED ENTRY--PERSONAL NAME
Personal name Delvallée, Marie-Laure,
Relator term author.
700 1# - ADDED ENTRY--PERSONAL NAME
Personal name Parsons, Richard
Relator term CGP style creator
942 ## - ADDED ENTRY ELEMENTS (KOHA)
Source of classification or shelving scheme
Koha item type Books - Non Ficton
980 ## - EQUIVALENCE OR CROSS-REFERENCE-SERIES STATEMENT--PERSONAL NAME/TITLE [LOCAL, CANADA]
Miscellaneous information 1
Date of a work 1/3457423
981 ## - EQUIVALENCE OR CROSS-REFERENCE-SERIES STATEMENT--CORPORATE NAME/TITLE [LOCAL, CANADA]
Date of meeting or treaty signing Agency file oxf2016-44.1
Holdings
Withdrawn status Lost status Source of classification or shelving scheme Damaged status Not for loan Collection code Permanent Location Current Location Shelving location Date acquired Full call number Barcode Date last seen Price effective from Koha item type
          Non-Fiction KH8 Senior School Library KH8 Senior School Library Non Fiction 2019-08-05 448.242 PAR 3KHSL000100218 2019-08-05 2019-08-05 Books - Non Ficton
          Teaching Resources KH8 Senior School Library KH8 Senior School Library Staff Office 2023-10-19 448.242 PAR TRKHSL004073 2023-10-19 2023-10-19 Teaching Resources

Powered By KH8 IT Dept